Social market economy principles and implementation : (Record no. 3686)

000 -LEADER
fixed length control field 01359cam a22003734a 4500
001 - CONTROL NUMBER
control field 16622781
003 - CONTROL NUMBER IDENTIFIER
control field Nust
005 - DATE AND TIME OF LATEST TRANSACTION
control field 20170105101222.0
008 - FIXED-LENGTH DATA ELEMENTS--GENERAL INFORMATION
fixed length control field 110124s2008 si a bd 001 0deng
010 ## - LIBRARY OF CONGRESS CONTROL NUMBER
LC control number 2011315025
020 ## - INTERNATIONAL STANDARD BOOK NUMBER
International Standard Book Number 9780980254372
040 ## - CATALOGING SOURCE
Original cataloging agency DLC
Transcribing agency DLC
Modifying agency DLC
041 1# - LANGUAGE CODE
Language code of text/sound track or separate title eng
Language code of original ger
042 ## - AUTHENTICATION CODE
Authentication code lcode
043 ## - GEOGRAPHIC AREA CODE
Geographic area code e-gx---
050 00 - LIBRARY OF CONGRESS CALL NUMBER
Classification number HC286.8
Item number .L48513 2008
130 0# - MAIN ENTRY--UNIFORM TITLE
Uniform title Lexikon Soziale Marktwirtschaft.
Language of a work English
245 10 - TITLE STATEMENT
Title Social market economy principles and implementation :
Remainder of title economic policy from A to Z /
Statement of responsibility, etc. edited by Rolf H. Hasse, Hermann Schneider & Klaus Weigelt.
250 ## - EDITION STATEMENT
Edition statement Eng. ed.
260 ## - PUBLICATION, DISTRIBUTION, ETC.
Place of publication, distribution, etc. Singapore :
Name of publisher, distributor, etc. Konrad Adenauer Stiftung,
Date of publication, distribution, etc. c2008.
300 ## - PHYSICAL DESCRIPTION
Extent 536 p. :
Other physical details ill. ;
Dimensions 25 cm.
500 ## - GENERAL NOTE
General note "Second updated and extended edition"--T.p. verso.
500 ## - GENERAL NOTE
General note First published: Paderborn : F. Schöningh, c2002.
504 ## - BIBLIOGRAPHY, ETC. NOTE
Bibliography, etc. note Includes bibliographical references and index.
651 #0 - SUBJECT ADDED ENTRY--GEOGRAPHIC NAME
Geographic name Germany
General subdivision Economic policy
Chronological subdivision 1990-
Form subdivision Dictionaries.
651 #0 - SUBJECT ADDED ENTRY--GEOGRAPHIC NAME
Geographic name Germany
General subdivision Social policy
Form subdivision Dictionaries.
700 1# - ADDED ENTRY--PERSONAL NAME
Personal name Hasse, Rolf.
700 1# - ADDED ENTRY--PERSONAL NAME
Personal name Schneider, Hermann,
Dates associated with a name 1940-
700 1# - ADDED ENTRY--PERSONAL NAME
Personal name Weigelt, Klaus.
856 41 - ELECTRONIC LOCATION AND ACCESS
Materials specified Table of contents only
Uniform Resource Identifier <a href="http://www.loc.gov/catdir/toc/fy11pdf04/2011315025.html">http://www.loc.gov/catdir/toc/fy11pdf04/2011315025.html</a>
906 ## - LOCAL DATA ELEMENT F, LDF (RLIN)
a 7
b cbc
c origode
d 3
e ncip
f 20
g y-gencatlg
942 ## - ADDED ENTRY ELEMENTS (KOHA)
Source of classification or shelving scheme
Koha item type Book
Holdings
Withdrawn status Lost status Source of classification or shelving scheme Damaged status Not for loan Collection code Permanent Location Current Location Shelving location Date acquired Total Checkouts Full call number Barcode Date last seen Price effective from Koha item type
            Central Library (CL) Central Library (CL) General Stacks 11/24/2016   338.9 HAS S3H-N-1228 11/24/2016 11/24/2016 Book
            Central Library (CL) Central Library (CL) General Stacks 11/24/2016   338.9 HAS S3H-N-1227 11/24/2016 11/24/2016 Book
            Central Library (CL) Central Library (CL) General Stacks 11/24/2016   338.9 HAS S3H-N-1229 11/24/2016 11/24/2016 Book
© 2023 Central Library, National University of Sciences and Technology. All Rights Reserved.